00576 2200181 4500245003400000020002200034250001100056100001400067700001800081650002000099005001900119260004200138041001400180084001100194300002300205500015700228336000900385 aSenja & PagicAlffy RevhText a978-623-7211-00-6 aCet. 1 aAlffy Rev aLinka Angelia aNovel Indonesia a20230926110001 aJakartabLoveable x Bhumi Anomac2019 aIndonesia a808.83 a200 hlm. :c19 cm. a"Katanya,rindu berat Tapi bagi saya,'rindu' itu tanggung jawab besar.Harga sejati yang harus dibayar untuk mengungkapkan kerinduan adlah menghalalkanmu" atext